[Event "Frankfurt Ch 2008"]
[Site "Ffm-Kalbach, LAZ"]
[Date "2008.06.02"]
[Round "5.1"]
[White "Uwira, Oliver"]
[Black "Schramm, Christian"]
[Result "1/2-1/2"]
[WhiteElo "2305"]
[BlackElo "2331"]
[PlyCount "98"]
[EventDate "2008.??.??"]

1. d4 Nf6 2. Bg5 d5 3. Bxf6 exf6 4. e3 c5 5. Nc3 Be6 6. Bb5+ Nc6 7. dxc5 Bxc5
8. Nge2 O-O 9. O-O a6 10. Ba4 b5 11. Bb3 d4 12. Ne4 Bb6 13. exd4 Nxd4 14. Nxd4
Qxd4 15. Qxd4 Bxd4 16. c3 Bb6 17. Rfe1 Rfd8 18. Rad1 Kf8 19. Kf1 Ke7 20. Ng3 g6
21. Ne2 Rxd1 22. Rxd1 Rd8 23. Rxd8 Bxd8 24. Nd4 Bb6 25. Nc2 Bc5 26. Ke2 Kd6 27.
Ne3 a5 28. Nc2 a4 29. Bxe6 fxe6 30. b4 axb3 31. axb3 e5 32. f3 f5 33. b4 Bg1
34. h3 e4 35. fxe4 fxe4 36. Na3 Kc6 37. g4 Ba7 38. g5 Bg1 39. c4 bxc4 40. Nxc4
Ba7 41. Ne3 Kd6 42. Ng4 Ke6 43. Nf6 Kf5 44. Nxh7 Kf4 45. Nf6 Kxg5 46. Nxe4+ Kh4
47. Nf2 Kg3 48. Nd3 g5 49. Ne5 Kxh3 1/2-1/2

[Event "Frankfurt Ch 2008"]
[Site "Ffm-Kalbach, LAZ"]
[Date "2008.06.02"]
[Round "5.2"]
[White "Schlamp, Robert"]
[Black "Stelzer, Harald"]
[Result "1-0"]
[WhiteElo "2333"]
[BlackElo "2228"]
[PlyCount "51"]
[EventDate "2008.??.??"]

1. Nf3 d5 2. b3 c5 3. e3 Nc6 4. Bb5 Bd7 5. Bb2 Nf6 6. O-O e6 7. Bxc6 Bxc6 8.
Ne5 Rc8 9. d3 Be7 10. f4 O-O 11. Nd2 b5 12. Rf3 c4 13. Rh3 Bb7 14. Bd4 Bc5 15.
Ndf3 Bxd4 16. Nxd4 cxd3 17. cxd3 a6 18. Qe1 Qd6 19. Qh4 Rfd8 20. g4 Qa3 21. g5
Rc1+ 22. Rxc1 Qxc1+ 23. Kf2 Qd2+ 24. Ne2 d4 25. gxf6 dxe3+ 26. Rxe3 1-0

[Event "Frankfurt Ch 2008"]
[Site "Ffm-Kalbach, LAZ"]
[Date "2008.06.02"]
[Round "5.3"]
[White "Reschke, Thomas"]
[Black "Solonar, Stefan"]
[Result "1/2-1/2"]
[WhiteElo "2226"]
[BlackElo "2363"]
[PlyCount "47"]
[EventDate "2008.??.??"]

1. c4 e5 2. g3 Nf6 3. Bg2 c6 4. d4 d6 5. Nc3 Nbd7 6. e4 a6 7. Nge2 b5 8. cxb5
cxb5 9. O-O Be7 10. h3 O-O 11. f4 b4 12. Na4 Bb7 13. d5 Re8 14. f5 Nb6 15. g4
Nfd7 16. Nxb6 Qxb6+ 17. Kh1 a5 18. Rf3 Qd8 19. Be3 Bg5 20. Bf2 Rc8 21. a3 Nc5
22. Bxc5 Rxc5 23. axb4 axb4 24. Rb3 1/2-1/2

[Event "Frankfurt Ch 2008"]
[Site "Ffm-Kalbach, LAZ"]
[Date "2008.06.02"]
[Round "5.4"]
[White "Kayser, Felix"]
[Black "Schlapp, Thomas"]
[Result "1/2-1/2"]
[WhiteElo "2206"]
[BlackElo "2257"]
[PlyCount "54"]
[EventDate "2008.??.??"]

1. e4 c6 2. d4 d5 3. exd5 cxd5 4. Bd3 Nc6 5. c3 Nf6 6. Bf4 Bg4 7. Qb3 Qc8 8.
Nd2 e6 9. Ngf3 Bh5 10. O-O Bg6 11. Bxg6 hxg6 12. Rae1 Be7 13. Ne5 Nxe5 14. Bxe5
Qc6 15. Qd1 b5 16. Re3 Rc8 17. Qe2 a5 18. Re1 Kf8 19. h3 Nd7 20. Bg3 Bf6 21.
Qg4 Re8 22. Nf3 Qb6 23. a3 Qc6 24. Bf4 Nb6 25. Be5 Nc4 26. R3e2 Rh5 27. Qg3
Nxe5 1/2-1/2

[Event "Frankfurt Ch 2008"]
[Site "Ffm-Kalbach, LAZ"]
[Date "2008.06.02"]
[Round "5.5"]
[White "Pfrommer, Christoph"]
[Black "Minor, Samuel"]
[Result "1/2-1/2"]
[WhiteElo "2403"]
[BlackElo "2179"]
[PlyCount "64"]
[EventDate "2008.??.??"]

1. Nf3 f5 2. g3 Nf6 3. Bg2 d6 4. O-O g6 5. c4 Bg7 6. Nc3 O-O 7. d3 e5 8. Rb1
Nc6 9. b4 h6 10. b5 Ne7 11. Nd2 g5 12. Ba3 f4 13. Qb3 Nf5 14. c5+ Kh8 15. cxd6
cxd6 16. Nc4 Re8 17. Bb4 d5 18. Na5 Nd4 19. Qd1 e4 20. dxe4 dxe4 21. Nc4 Nd5
22. Nxe4 Nxb4 23. Ncd6 Re7 24. Rxb4 Nxe2+ 25. Qxe2 Qxd6 26. Nxd6 Rxe2 27. a4
fxg3 28. fxg3 Be6 29. Re4 Rxe4 30. Bxe4 Rd8 31. Nf7+ Bxf7 32. Rxf7 Rd4 1/2-1/2

[Event "Frankfurt Ch 2008"]
[Site "Ffm-Kalbach, LAZ"]
[Date "2008.06.02"]
[Round "5.6"]
[White "Reschke, Stefan"]
[Black "Svitek, Volker"]
[Result "1/2-1/2"]
[WhiteElo "2360"]
[BlackElo "2104"]
[PlyCount "130"]
[EventDate "2008.??.??"]

1. c4 c5 2. g3 Nc6 3. Bg2 g6 4. Nc3 Bg7 5. e4 e5 6. a3 Nge7 7. b4 d6 8. Rb1 O-O
9. Nge2 Be6 10. Nd5 b6 11. d3 Qd7 12. Qa4 Rae8 13. Nec3 Nd4 14. Qxd7 Bxd7 15.
Nxe7+ Rxe7 16. Bg5 f6 17. Be3 Nc2+ 18. Kd2 Nd4 19. Nd5 Ref7 20. Rhf1 Bg4 21. f4
Be6 22. bxc5 dxc5 23. f5 Bc8 24. g4 g5 25. h4 h6 26. Bf3 Bb7 27. Bd1 Rd8 28.
Rf2 Bf8 29. Ke1 Bd6 30. Rh2 Bxd5 31. cxd5 Kg7 32. Kf2 Rff8 33. Ba4 Rh8 34. Rhh1
Bc7 35. Bb5 Nc2 36. Bc1 Nd4 37. Bd2 Rb8 38. a4 Nxb5 39. axb5 Rbd8 40. Rh2 Bb8
41. Rbh1 Rc8 42. Kg3 Rcd8 43. Kf3 Rc8 44. Be3 Rcd8 45. Ke2 Rc8 46. Kd2 Rcd8 47.
Kc3 Rc8 48. Kc4 Rcd8 49. hxg5 hxg5 50. Rxh8 Rxh8 51. Rxh8 Kxh8 52. d6 Kg7 53.
Kd5 Kf7 54. Kc6 Ke8 55. Kb7 Bxd6 56. Kxa7 Bc7 57. Kb7 Kd7 58. Bxg5 fxg5 59. f6
Bd6 60. Kxb6 Ke6 61. Kc6 Bb8 62. b6 Kxf6 63. Kd7 Kf7 64. Kc8 Bd6 65. Kd7 Bb8
1/2-1/2

[Event "Frankfurt Ch 2008"]
[Site "Ffm-Kalbach, LAZ"]
[Date "2008.06.02"]
[Round "5.8"]
[White "Weiss, Matthias"]
[Black "Voropaev, Gleb"]
[Result "0-1"]
[WhiteElo "2046"]
[BlackElo "2287"]
[PlyCount "56"]
[EventDate "2008.??.??"]

1. e4 e6 2. d4 d5 3. e5 c5 4. c3 Qb6 5. Nf3 Bd7 6. Bd3 Bb5 7. O-O Bxd3 8. Qxd3
Nc6 9. dxc5 Bxc5 10. b4 Bf8 11. Be3 Qc7 12. Na3 a6 13. Rfe1 Nge7 14. Nc2 Nf5
15. Rab1 Be7 16. Bg5 O-O 17. Bxe7 Qxe7 18. Ne3 Nxe3 19. Rxe3 Rfc8 20. h4 h6 21.
h5 Rc7 22. Rbe1 Rac8 23. Nd2 d4 24. Rg3 dxc3 25. Qxc3 Nxb4 26. Qb3 Rc1 27. Rxc1
Rxc1+ 28. Kh2 Qh4+ 0-1

[Event "Frankfurt Ch 2008"]
[Site "Ffm-Kalbach, LAZ"]
[Date "2008.06.02"]
[Round "5.9"]
[White "Hoti, Safet"]
[Black "Isserman, Ryhor"]
[Result "0-1"]
[WhiteElo "1978"]
[BlackElo "2273"]
[PlyCount "112"]
[EventDate "2008.??.??"]

1. d4 Nf6 2. c4 c5 3. d5 e6 4. Nc3 exd5 5. cxd5 d6 6. Nf3 g6 7. Bg5 h6 8. Bh4
Bg7 9. e4 O-O 10. Nd2 a6 11. a4 Nbd7 12. Be2 Qe7 13. O-O g5 14. Bg3 Ne5 15.
Bxe5 Qxe5 16. Nc4 Qe7 17. e5 dxe5 18. d6 Qd8 19. a5 Be6 20. Nb6 Rb8 21. Nca4
Nd7 22. Rc1 Qf6 23. Bf3 Rfd8 24. Rxc5 Nxc5 25. Nxc5 e4 26. Bxe4 Qd4 27. Qc2
Rxd6 28. Bxb7 Qxb2 29. Qxb2 Bxb2 30. Bxa6 Bc3 31. Nxe6 fxe6 32. Be2 Bxa5 33.
Nc4 Rd5 34. g3 Bc3 35. Kg2 e5 36. Bg4 Kg7 37. Bf3 e4 38. Bg4 Rd4 39. Ne3 Rd2
40. Rc1 Bd4 41. Rc7+ Kh8 42. Kh3 Bxe3 43. fxe3 Rb3 44. Bf5 Rxe3 45. Rh7+ Kg8
46. Rxh6 Ree2 47. Kg4 e3 48. Kxg5 Rxh2 49. Rg6+ Kf7 50. Rf6+ Kg7 51. Rg6+ Kh8
52. Re6 e2 53. Bg4 Kg7 54. Re7+ Kf8 55. Re6 Rd5+ 56. Kg6 Rd6 0-1

[Event "Frankfurt Ch 2008"]
[Site "Ffm-Kalbach, LAZ"]
[Date "2008.06.02"]
[Round "5.10"]
[White "Behnick, Eckhard"]
[Black "Sadeghi, Behrang"]
[Result "1-0"]
[WhiteElo "2156"]
[BlackElo "2283"]
[PlyCount "78"]
[EventDate "2008.??.??"]

1. Nf3 c5 2. c4 Nc6 3. Nc3 g6 4. d4 cxd4 5. Nxd4 Bg7 6. e3 Nf6 7. Be2 O-O 8.
O-O d6 9. b3 a6 10. Bb2 Qa5 11. Bf3 Ne5 12. Be2 Bd7 13. Qd2 Rfc8 14. Rfd1 Qd8
15. h3 Rab8 16. a4 Nc6 17. Ba3 Qb6 18. Rab1 Qa5 19. b4 Qg5 20. Nf3 Qh5 21. Nd4
Qg5 22. Nf3 Qh5 23. Nd4 Qh6 24. f4 Nxd4 25. exd4 Qh4 26. Bc1 Be6 27. c5 a5 28.
Qe3 axb4 29. Rxb4 dxc5 30. dxc5 Nh5 31. Ne4 Nf6 32. Ng5 Nd5 33. Rxd5 Bxd5 34.
g3 Qh6 35. Qxe7 Re8 36. Qc7 Rbc8 37. Qd6 Rcd8 38. Qc7 Rc8 39. Qd6 Rxe2 1-0

[Event "Frankfurt Ch 2008"]
[Site "Ffm-Kalbach, LAZ"]
[Date "2008.06.02"]
[Round "5.11"]
[White "Czech, Ludwig"]
[Black "Zuyev, Igor"]
[Result "0-1"]
[WhiteElo "2075"]
[BlackElo "2265"]
[PlyCount "66"]
[EventDate "2008.??.??"]

1. c4 e5 2. g3 Nf6 3. Bg2 c6 4. Nf3 e4 5. Nd4 d5 6. cxd5 Qxd5 7. e3 Bg4 8. Qc2
Na6 9. Nc3 Nb4 10. Qb1 Qc4 11. Bf1 Nd3+ 12. Bxd3 exd3 13. b3 Qa6 14. h3 Bd7 15.
f4 Bd6 16. g4 O-O-O 17. b4 Qc4 18. b5 Bxf4 19. O-O Be5 20. bxc6 bxc6 21. Nf3
Nxg4 22. Qb3 Qxb3 23. axb3 Bxc3 24. dxc3 Nf6 25. Rxa7 Bxh3 26. Rf2 Ne4 27. Rfa2
Nxc3 28. Ra8+ Kd7 29. R2a7+ Ke6 30. Ng5+ Kf6 31. Rxd8 Rxd8 32. Bd2 Kxg5 33. e4+
Kg6 0-1

[Event "Frankfurt Ch 2008"]
[Site "Ffm-Kalbach, LAZ"]
[Date "2008.06.02"]
[Round "5.12"]
[White "Schwenkreis, Thomas"]
[Black "Schreiner, Roland"]
[Result "1-0"]
[WhiteElo "2052"]
[BlackElo "1956"]
[PlyCount "67"]
[EventDate "2008.??.??"]

1. e4 d6 2. d4 g6 3. Nc3 Bg7 4. Be3 c6 5. Qd2 b5 6. g3 Bb7 7. Bg2 a6 8. Nge2
Nd7 9. O-O Nb6 10. b3 Nf6 11. Bh6 O-O 12. Bxg7 Kxg7 13. Qe3 Qc7 14. Nf4 e5 15.
dxe5 dxe5 16. Nd3 Nbd7 17. a4 Rfd8 18. f4 Ng4 19. Qf3 Qb6+ 20. Kh1 Ne3 21. a5
Qa7 22. fxe5 Nxf1 23. Rxf1 Rf8 24. Ne2 f6 25. Nef4 Rae8 26. Qg4 f5 27. exf5
Rxf5 28. Nh5+ Kh8 29. Rxf5 c5 30. Rf7 Bxg2+ 31. Kxg2 Qa8+ 32. Kh3 Rxe5 33. Nxe5
Nxe5 34. Qe6 1-0

[Event "Frankfurt Ch 2008"]
[Site "Ffm-Kalbach, LAZ"]
[Date "2008.06.02"]
[Round "5.13"]
[White "Diekmann, HanJo"]
[Black "Biegel, Thomas"]
[Result "1-0"]
[WhiteElo "2199"]
[BlackElo "2030"]
[PlyCount "37"]
[EventDate "2008.??.??"]

1. c4 c6 2. Nf3 d5 3. e3 Nf6 4. Nc3 g6 5. d4 Bg7 6. Be2 O-O 7. O-O dxc4 8. Bxc4
Bg4 9. h3 Bxf3 10. Qxf3 Nbd7 11. Rd1 Qc7 12. e4 e5 13. d5 cxd5 14. Bxd5 Nb6 15.
Bb3 h6 16. Bxh6 Rad8 17. Bg5 Rxd1+ 18. Rxd1 Nh5 19. Nb5 1-0

[Event "Frankfurt Ch 2008"]
[Site "Ffm-Kalbach, LAZ"]
[Date "2008.06.02"]
[Round "5.14"]
[White "Göbel, Andreas"]
[Black "Escher, Helmut"]
[Result "1/2-1/2"]
[WhiteElo "2052"]
[BlackElo "2078"]
[PlyCount "52"]
[EventDate "2008.??.??"]

1. c4 c5 2. Nc3 Nc6 3. g3 g6 4. Bg2 Bg7 5. e4 e5 6. Nge2 Nge7 7. O-O d6 8. d3
O-O 9. Bg5 f6 10. Be3 Nd4 11. Nd5 Rb8 12. Nxe7+ Qxe7 13. Nc3 Be6 14. Qd2 Rf7
15. Bxd4 cxd4 16. Nd5 Qd7 17. Rac1 b6 18. Rc2 f5 19. f3 h5 20. exf5 Bxf5 21. f4
Kh7 22. fxe5 dxe5 23. Qe2 Rbf8 24. Rcc1 Bg4 25. Qe4 Bf5 26. Qe2 Bg4 1/2-1/2

[Event "Frankfurt Ch 2008"]
[Site "Ffm-Kalbach, LAZ"]
[Date "2008.06.02"]
[Round "5.15"]
[White "Koch, Markus"]
[Black "Richter, Tobias"]
[Result "1/2-1/2"]
[WhiteElo "1935"]
[BlackElo "2099"]
[PlyCount "141"]
[EventDate "2008.??.??"]

1. Nf3 e6 2. g3 b6 3. Bg2 Bb7 4. d3 c5 5. e4 Be7 6. h4 Nf6 7. Qe2 Nc6 8. c3 d5
9. e5 Nd7 10. Bf4 b5 11. Nbd2 a5 12. O-O b4 13. Rfe1 Nb6 14. Nf1 a4 15. a3 bxc3
16. bxc3 Ba6 17. Bh3 Na5 18. Ng5 Qd7 19. Ne3 h6 20. Nxe6 fxe6 21. Qh5+ Kf8 22.
Qg6 Bc8 23. Nf5 exf5 24. e6 Qe8 25. Qxf5+ Kg8 26. Bc7 Ra6 27. Re3 Bb7 28. Rae1
Nc8 29. Qf7+ Qxf7 30. exf7+ Kxf7 31. Bxc8 Bf6 32. Be6+ Kg6 33. g4 Bxh4 34. Bf5+
Kf6 35. Re6+ Rxe6 36. Rxe6+ Kf7 37. Bxa5 Bf6 38. Rd6 Re8 39. Kf1 Ba8 40. Rd7+
Re7 41. Rd8 Bc6 42. Rb8 g6 43. Bc8 Re8 44. f4 Ke7 45. Bb6 Kd6 46. d4 cxd4 47.
cxd4 Bd7 48. Bc5+ Kc7 49. Bxd7 Rxb8 50. Bxa4 Rb2 51. Be8 g5 52. fxg5 hxg5 53.
a4 Ra2 54. Bb5 Rd2 55. Ke1 Rg2 56. Be2 Kd7 57. a5 Kc6 58. a6 Rg1+ 59. Kd2 Ra1
60. a7 Bd8 61. Ke3 Bb6 62. Be7 Bxa7 63. Bxg5 Ra3+ 64. Bd3 Kb6 65. Bf6 Ka5 66.
g5 Ra1 67. Kf2 Rd1 68. Ke2 Rg1 69. g6 Kb4 70. g7 Kc3 71. Bh7 1/2-1/2

[Event "Frankfurt Ch 2008"]
[Site "Ffm-Kalbach, LAZ"]
[Date "2008.06.02"]
[Round "5.16"]
[White "Kreiling, Carsten"]
[Black "Ganjian, Mehrdad"]
[Result "1/2-1/2"]
[WhiteElo "2126"]
[BlackElo "1803"]
[PlyCount "67"]
[EventDate "2008.??.??"]

1. d4 Nf6 2. c4 d6 3. Nf3 g6 4. Nc3 Bg7 5. e3 O-O 6. Be2 Nbd7 7. O-O c5 8. b3
Re8 9. Bb2 a6 10. Qc2 Qc7 11. d5 Rb8 12. a4 b6 13. Ng5 h6 14. Nge4 Nxe4 15.
Nxe4 Nf6 16. Nxf6+ Bxf6 17. Bxf6 exf6 18. Qc3 Qe7 19. a5 Qe5 20. Qxe5 fxe5 21.
Rfb1 bxa5 22. Rxa5 f5 23. Kf1 Re7 24. Ke1 Kg7 25. Kd2 Kf6 26. Kc3 Reb7 27. Rxa6
Rxb3+ 28. Rxb3 Rxb3+ 29. Kxb3 Bxa6 30. f4 Bc8 31. Ka4 g5 32. g3 Bd7+ 33. Ka5
Be8 34. h4 {Rest unklar!} 1/2-1/2

[Event "Frankfurt Ch 2008"]
[Site "Ffm-Kalbach, LAZ"]
[Date "2008.06.02"]
[Round "5.18"]
[White "Orwatsch, Gerhard"]
[Black "Gutacker, Stephan"]
[Result "0-1"]
[WhiteElo "2088"]
[BlackElo "1985"]
[PlyCount "98"]
[EventDate "2008.??.??"]

1. d4 Nf6 2. Nf3 g6 3. Bf4 Bg7 4. c3 d6 5. Nbd2 O-O 6. e4 Nbd7 7. Be2 b6 8. h3
Bb7 9. Qc2 c5 10. d5 Qc7 11. O-O a6 12. a4 h6 13. Rfe1 Rfe8 14. Rac1 g5 15. Bh2
Nf8 16. Bf1 Ng6 17. Qb3 Rab8 18. Qa2 e6 19. dxe6 fxe6 20. e5 Nd5 21. exd6 Qd7
22. Qb1 Nh8 23. Ne5 Bxe5 24. Bxe5 Rbd8 25. Ne4 Rf8 26. c4 Nf4 27. a5 Rf5 28.
axb6 Qc6 29. Bc3 Rxd6 30. Rcd1 Rxd1 31. Qxd1 Nf7 32. g3 Ng6 33. Bg2 Kf8 34. b4
Qxb6 35. bxc5 Qc6 36. Qd4 Nge5 37. Ba1 a5 38. Bb2 a4 39. Ra1 Nf3+ 40. Bxf3 Rxf3
41. Re1 e5 42. Qd1 Rb3 43. Qa1 Qg6 44. Nd2 Rd3 45. Re2 Rxd2 46. Rxd2 Qe4 47.
Kf1 Qxc4+ 48. Ke1 Ba6 49. Rd7 Qe2# 0-1

[Event "Frankfurt Ch 2008"]
[Site "Ffm-Kalbach, LAZ"]
[Date "2008.06.02"]
[Round "5.19"]
[White "Krüger, Till"]
[Black "Kabir, Razaul"]
[Result "1/2-1/2"]
[WhiteElo "2069"]
[BlackElo "2100"]
[PlyCount "81"]
[EventDate "2008.??.??"]

1. e4 c5 2. Nf3 e6 3. c3 Nc6 4. Bb5 d5 5. exd5 Qxd5 6. O-O Nf6 7. c4 Qh5 8. d4
a6 9. Ba4 Bd7 10. Nc3 Bd6 11. h3 O-O 12. Be3 b6 13. Qd2 cxd4 14. Nxd4 Nxd4 15.
Bd1 Qg6 16. Bxd4 Bc6 17. f4 Rfd8 18. Qf2 Bxf4 19. Bc2 Qg5 20. h4 Qg3 21. Qxg3
Bxg3 22. Rad1 b5 23. cxb5 axb5 24. Bxf6 gxf6 25. Be4 Rxd1 26. Rxd1 Bxe4 27.
Nxe4 Be5 28. Rd3 Rxa2 29. b3 b4 30. Kf1 Rc2 31. Nd2 Bf4 32. Ne4 f5 33. Nf6+ Kf8
34. g3 Bd2 35. Rd7 h6 36. g4 Bc3 37. g5 Rh2 38. Rd8+ Ke7 39. Rd7+ Kf8 40. Rd8+
Ke7 41. Rd7+ 1/2-1/2

[Event "Frankfurt Ch 2008"]
[Site "Ffm-Kalbach, LAZ"]
[Date "2008.06.02"]
[Round "5.20"]
[White "Faqiry, Ramat"]
[Black "Mustafa, Wail"]
[Result "0-1"]
[WhiteElo "1984"]
[BlackElo "2104"]
[PlyCount "48"]
[EventDate "2008.??.??"]

1. d4 d5 2. c4 c6 3. Nc3 Nf6 4. Nf3 Nbd7 5. cxd5 cxd5 6. Bf4 a6 7. Rc1 e6 8.
Qa4 Qb6 9. e3 Qxb2 10. Kd1 Bb4 11. Nb5 O-O 12. Rc2 Nb6 13. Rxb2 Nxa4 14. Rxb4
axb5 15. Kc2 Bd7 16. Bxb5 Rfc8+ 17. Kd3 Rc3+ 18. Ke2 Bxb5+ 19. Rxb5 Rc2+ 20.
Kf1 b6 21. a3 Ne4 22. Bg3 Nac3 23. Ne1 Nd2+ 24. Kg1 Ne2# 0-1

[Event "Frankfurt Ch 2008"]
[Site "Ffm-Kalbach, LAZ"]
[Date "2008.06.02"]
[Round "5.21"]
[White "Syed, Tareq"]
[Black "Geringer, Waldemar"]
[Result "1/2-1/2"]
[WhiteElo "2124"]
[BlackElo "1886"]
[PlyCount "94"]
[EventDate "2008.??.??"]

1. d3 Nf6 2. g3 g6 3. Bg2 Bg7 4. e4 Nc6 5. f4 e5 6. fxe5 Nxe5 7. d4 Nc4 8. b3
Nb6 9. e5 Nfd5 10. c4 Ne7 11. c5 Nbd5 12. Bxd5 Nxd5 13. Qf3 Nb4 14. Qc3 Nc6 15.
Nf3 O-O 16. O-O f6 17. Qc4+ Kh8 18. Bb2 fxe5 19. dxe5 d6 20. cxd6 cxd6 21. Na3
Bh3 22. Rf2 Qb6 23. Qb5 Qxb5 24. Nxb5 Nxe5 25. Bxe5 dxe5 26. Re1 Rae8 27. Nd6
Re7 28. Ng5 Bf5 29. Rfe2 Bh6 30. h4 Bxg5 31. hxg5 e4 32. Nxe4 Rfe8 33. Nc3 Rxe2
34. Rxe2 Rxe2 35. Nxe2 Kg7 36. Kf2 Kf7 37. Ke3 Ke6 38. Nd4+ Ke5 39. Nf3+ Kd5
40. Nd4 Bb1 41. a3 a6 42. Ne2 Bc2 43. Nd4 Be4 44. Ne2 Ke5 45. Nd4 b6 46. Ne2 a5
47. Nd4 Bd5 1/2-1/2

[Event "Frankfurt Ch 2008"]
[Site "Ffm-Kalbach, LAZ"]
[Date "2008.06.02"]
[Round "5.22"]
[White "Marzahn, Heiko"]
[Black "Popp, Matthias"]
[Result "1-0"]
[WhiteElo "1938"]
[BlackElo "1538"]
[PlyCount "79"]
[EventDate "2008.??.??"]

1. e4 c5 2. Na3 g6 3. c3 Bg7 4. f4 d6 5. Nf3 Nc6 6. g3 Nf6 7. d3 a6 8. Bg2 O-O
9. O-O Be6 10. Nh4 Rc8 11. f5 Bd7 12. g4 b5 13. Be3 Ne5 14. g5 Ne8 15. Nc2 a5
16. b3 Nc6 17. d4 cxd4 18. cxd4 Nc7 19. Rc1 Na6 20. a3 Qe8 21. f6 Bh8 22. Qd3
Nc7 23. Ne1 Qd8 24. e5 Ne8 25. Qe4 dxe5 26. dxe5 exf6 27. gxf6 Nxf6 28. exf6
Bxf6 29. Nhf3 Re8 30. Qf4 Bf5 31. Bf2 Bb2 32. Rc5 Bxa3 33. Rxf5 gxf5 34. Qxf5
Ne7 35. Qh5 Ng6 36. Ng5 Kf8 37. Nxf7 Kxf7 38. Qxh7+ Ke6 39. Qxg6+ Ke5 40. Nd3+
1-0

[Event "Frankfurt Ch 2008"]
[Site "Ffm-Kalbach, LAZ"]
[Date "2008.06.02"]
[Round "5.23"]
[White "Koch, Ulrich"]
[Black "Bischoff, Ulrich"]
[Result "0-1"]
[WhiteElo "1859"]
[BlackElo "2101"]
[PlyCount "35"]
[EventDate "2008.??.??"]

1. d4 d5 2. Nf3 Nf6 3. e3 c5 4. c3 e6 5. Bd3 Nc6 6. O-O Bd6 7. Nbd2 O-O 8. Re1
Qc7 9. h3 h6 10. dxc5 Bxc5 11. b3 e5 12. e4 Rd8 13. Qe2 d4 14. Bb2 Nh5 15. Bb5
d3 16. Qf1 Ng3 17. Qxd3 Rxd3 18. Bxd3 0-1

[Event "Frankfurt Ch 2008"]
[Site "Ffm-Kalbach, LAZ"]
[Date "2008.06.02"]
[Round "5.24"]
[White "Matthis, Peter"]
[Black "Graebner, Walter"]
[Result "0-1"]
[WhiteElo "1775"]
[BlackElo "2053"]
[PlyCount "60"]
[EventDate "2008.??.??"]

1. e4 e6 2. d4 d5 3. Nc3 dxe4 4. Nxe4 Be7 5. Nf3 Nd7 6. Bd3 Ngf6 7. O-O O-O 8.
c3 c5 9. Qe2 Qb6 10. Bg5 cxd4 11. Nxd4 Re8 12. Rae1 Ne5 13. Bb1 Ng6 14. h4 Nxe4
15. Bxe7 Nxc3 16. bxc3 Rxe7 17. h5 Nf8 18. Qe5 Rc7 19. h6 f6 20. Qg3 Qc5 21. a4
Kh8 22. Nb5 Re7 23. Ba2 e5 24. Rd1 Be6 25. Bxe6 Nxe6 26. Rd6 Rg8 27. Rfd1 a6
28. R6d5 Qc6 29. Nd6 Nf4 30. R5d2 gxh6 0-1

[Event "Frankfurt Ch 2008"]
[Site "Ffm-Kalbach, LAZ"]
[Date "2008.06.02"]
[Round "5.26"]
[White "Stadtmueller, Harald"]
[Black "Winand, Edgar"]
[Result "1-0"]
[WhiteElo "2192"]
[BlackElo "1778"]
[PlyCount "109"]
[EventDate "2008.??.??"]

1. d4 d6 2. Nf3 g6 3. Bf4 Bg7 4. e3 c5 5. c3 Nd7 6. Bc4 Ngf6 7. Nbd2 O-O 8. h3
b6 9. O-O Bb7 10. a4 a6 11. Qe2 Nd5 12. Bh2 Nc7 13. Rfd1 d5 14. Bd3 f5 15. b4
cxb4 16. cxb4 Ne6 17. Rac1 Nf6 18. Nb3 Ne4 19. Ne5 Nd6 20. Nc6 Qd7 21. b5 a5
22. Rc2 Rae8 23. Rdc1 f4 24. Ne5 Bxe5 25. dxe5 f3 26. gxf3 Ng5 27. f4 Qxh3 28.
Nd4 Nde4 29. Bxe4 Nxe4 30. Rc7 Rc8 31. Qf3 Qh6 32. R1c2 Rxc7 33. Rxc7 Bc8 34.
e6 Qg7 35. Qg4 Nd6 36. Bg3 Nf5 37. Nxf5 gxf5 38. Qxg7+ Kxg7 39. Rxe7+ Kg6 40.
Bh4 Rg8 41. Kf1 h6 42. Ke2 Kh5 43. Bf6 Rg6 44. Bd4 Bxe6 45. Bxb6 d4 46. Bxd4
Bc4+ 47. Kd2 Kg4 48. b6 Bd5 49. b7 Bxb7 50. Rxb7 Kf3 51. Rb6 Rg2 52. Rxh6 Rxf2+
53. Kc3 Ra2 54. Kb3 Rd2 55. Kc4 1-0

[Event "Frankfurt Ch 2008"]
[Site "Ffm-Kalbach, LAZ"]
[Date "2008.06.02"]
[Round "5.27"]
[White "Bastian, Holger"]
[Black "Kolker, Vladislav"]
[Result "0-1"]
[WhiteElo "1775"]
[BlackElo "2091"]
[PlyCount "48"]
[EventDate "2008.??.??"]

1. e4 e5 2. Nf3 Nc6 3. Bb5 f5 4. d3 d6 5. O-O Nf6 6. Nc3 Be7 7. Bd2 fxe4 8.
dxe4 a6 9. Bxc6+ bxc6 10. Qe2 Bg4 11. Qc4 Qd7 12. Ne1 d5 13. exd5 cxd5 14. Qd3
e4 15. Qd4 O-O 16. f3 c5 17. Qe5 Bd6 18. Qg5 exf3 19. Nxf3 d4 20. Nd1 h6 21.
Qh4 Ne4 22. Be1 Be7 23. Ne5 Rxf1+ 24. Kxf1 Qf5+ 0-1

[Event "Frankfurt Ch 2008"]
[Site "Ffm-Kalbach, LAZ"]
[Date "2008.06.02"]
[Round "5.28"]
[White "Hierling, Stefan"]
[Black "Plattner, Rolf"]
[Result "1-0"]
[WhiteElo "2032"]
[BlackElo "1922"]
[PlyCount "51"]
[EventDate "2008.??.??"]

1. e4 e6 2. d4 d5 3. exd5 exd5 4. Bd3 c5 5. dxc5 Bxc5 6. Ne2 Nf6 7. h3 O-O 8.
O-O Nc6 9. Nd2 Bd7 10. Nb3 Bb6 11. Bg5 h6 12. Bh4 g5 13. Bg3 Ne4 14. Bxe4 dxe4
15. Qd5 e3 16. fxe3 Bxe3+ 17. Bf2 Bxf2+ 18. Rxf2 Be6 19. Qc5 Qd5 20. Nc3 Qc4
21. Re1 b6 22. Qe3 Qh4 23. Ne4 Rad8 24. Nf6+ Kg7 25. Qc3 Nd4 26. Re4 1-0

[Event "Frankfurt Ch 2008"]
[Site "Ffm-Kalbach, LAZ"]
[Date "2008.06.02"]
[Round "5.29"]
[White "Schirmer, Karl-Heinz"]
[Black "Czikuß, Hans-Joachim"]
[Result "1/2-1/2"]
[WhiteElo "1716"]
[BlackElo "1951"]
[PlyCount "84"]
[EventDate "2008.??.??"]

1. d4 Nf6 2. c4 e6 3. Nc3 Bb4 4. Bd2 O-O 5. Nf3 b6 6. g3 Bb7 7. Bg2 d6 8. O-O
Nbd7 9. Qc2 Qe7 10. Rfe1 Bxc3 11. Bxc3 Be4 12. Qd2 Rad8 13. Qg5 Rfe8 14. Nd2 h6
15. Qh4 Bxg2 16. Kxg2 d5 17. Rac1 Nf8 18. Qf4 g5 19. Qf3 g4 20. Qd3 Ng6 21. e4
dxe4 22. Nxe4 Nxe4 23. Qxe4 f5 24. Qc6 Kf7 25. f4 Qd6 26. Qxd6 Rxd6 27. Re2 c6
28. Rce1 Rdd8 29. b4 Nf8 30. a4 a6 31. Rb1 Ra8 32. b5 cxb5 33. axb5 Rec8 34. c5
bxc5 35. b6 Rab8 36. b7 Rc7 37. Reb2 cxd4 38. Bxd4 Nd7 39. Ba7 Rd8 40. b8=Q
Nxb8 41. Bxb8 Rc6 42. Be5 Kg6 1/2-1/2

[Event "Frankfurt Ch 2008"]
[Site "Ffm-Kalbach, LAZ"]
[Date "2008.06.02"]
[Round "5.30"]
[White "Ochmann, Reimund"]
[Black "Mahnke, Ralf"]
[Result "0-1"]
[WhiteElo "2123"]
[BlackElo "1751"]
[PlyCount "64"]
[EventDate "2008.??.??"]

1. e4 e5 2. Nf3 Nc6 3. Bc4 Bc5 4. c3 Nf6 5. d4 exd4 6. cxd4 Bb4+ 7. Nc3 Nxe4 8.
O-O Bxc3 9. d5 Bf6 10. Re1 Ne7 11. Rxe4 d6 12. Bg5 Bxg5 13. Nxg5 h6 14. Qe2
hxg5 15. Re1 Be6 16. dxe6 f6 17. Bb3 c6 18. Qf3 d5 19. Rg4 Qd6 20. g3 O-O-O 21.
Ra4 Qc5 22. Bd1 Kb8 23. Be2 Ng6 24. b4 Qd4 25. Bd1 Ne5 26. Qf5 Rde8 27. Bb3 Qc3
28. Re3 Qc1+ 29. Kg2 Rxh2+ 30. Kxh2 Rh8+ 31. Qh3 Rxh3+ 32. Kxh3 Qh1# 0-1

[Event "Frankfurt Ch 2008"]
[Site "Ffm-Kalbach, LAZ"]
[Date "2008.06.02"]
[Round "5.31"]
[White "Barisch, Florian"]
[Black "Fernandez-Egea, Andr"]
[Result "0-1"]
[WhiteElo "1713"]
[BlackElo "2051"]
[PlyCount "56"]
[EventDate "2008.??.??"]

1. d4 f5 2. e3 Nf6 3. Bd3 g6 4. Nd2 Bg7 5. f4 O-O 6. Ngf3 d6 7. c3 Qe8 8. O-O
Nbd7 9. Qb3+ Kh8 10. Ng5 Nb6 11. Nc4 h6 12. Nxb6 axb6 13. Ne6 Bxe6 14. Qxe6 d5
15. c4 c6 16. cxd5 Nxd5 17. Bc4 Rd8 18. Bxd5 Rxd5 19. e4 Bxd4+ 20. Kh1 Rd6 21.
Qc4 fxe4 22. Re1 b5 23. Qb3 Qf7 24. Qc2 Re6 25. g4 e3 26. f5 gxf5 27. Qd3 Re4
28. Bxe3 Qd5 0-1